| 000 | 01085cam a2200253 4500 | ||
|---|---|---|---|
| 001 | WB3926-18 | ||
| 008 | 030708n2003 000 0 eng u | ||
| 035 | _a(Sirsi) u122959 | ||
| 245 | _aNew green farming funding in Scotland | ||
| 260 | _c2003 | ||
| 490 |
_aScottish Executive News Release _v(SEen449/2003) 2 July 2003 (4) |
||
| 520 | _aScottish farmers and crofters will share £23.6m funding through the Rural Stewardship Scheme(RSS) to support wildlife conservation. The funding announced will cover 1 078 projects including grassland and wetland management as well as the creation of field margins. It will result directly in farmers and crofters managing 360 000 hectares of land in an environment-friendly manner. http://www.scotland.gov.uk/pages/news/2003/07/SEen449.aspx | ||
| 590 | _aWB | ||
| 650 | _aGREEN FARMING | ||
| 650 | _aWILDLIFE CONSERVATION | ||
| 650 | _aSCOTLAND | ||
| 650 | _aGRASSLANDS | ||
| 650 | _aWETLANDS | ||
| 650 | _aRURAL STEWARDSHIP SCHEME | ||
| 650 | _aCROFTS | ||
| 650 | _aFARMS | ||
| 690 | _aRURAL-NATURE CONSERVATION | ||
| 942 | _n0 | ||
| 999 |
_c73011 _d73011 |
||